000 00254nam a2200097Ia 4500
001 679568
005 20250826161058.0
008 250824s9999 xx 000 0 und d
245 0 _aKAPTAN, BALİNA VE ÇOCUKLAR
_cJOAN AİKEN
260 _bGÜNIŞIĞI YAYINLARI
999 _c679568
_d679568